| 000 | 00369nam a22001337a 4500 | ||
|---|---|---|---|
| 020 | _a9780201581973 | ||
| 040 | _cNust | ||
| 082 |
_a620.104 _bBED'E |
||
| 100 |
_aBedford Fowler _9126908 |
||
| 245 | _aDynamics engineering management | ||
| 260 |
_aNew York: _bAddison Wesley publisher, _c1995. |
||
| 650 |
_aDynamics engineering management _9126909 |
||
| 942 |
_2ddc _cBK |
||
| 999 |
_c612302 _d612302 |
||